ATP TOUR turnieje- NAGŁA ŚMIERĆ - Statystyki

Ogólne statystyki
  • Ten quiz został rozwiązany 33 razy
  • Średni wynik to 3 z 15
Answers on the Grid
Answers color-coded by a green-red scale on the quiz's grid according to % correct below.
Miami Masters
Barcelona Masters
Kraków Open ATP 250
Europan Open ATP 250
Martin Cup
Toronto Masters
Romanian Open ATP 250
Venice Open ATP 250
Madrit Open ATP 500
Stuttgard Open ATP 500
Lyon Open ATP 250
Wimbledon
Washington Open ATP 250
Swiss Open ATP 500 (Bastad)
Berlin Masters
Cincinnati Masters
Mexican Open ATP 500
Qatar Open ATP 250
Australian Masters
Hamburg Open ATP 500
Bavarian International ATP 500
Norway Open ATP 250
Ankara Open ATP 500
Dallas Open ATP 500
Rio Open ATP 500
Roland Garros
US Open
Monte-Carlo ATP 500
Florida Open ATP 500
Winston-Salem Open ATP 250
 
Statystyki odpowiedzi
Odpowiedź % Poprawnych
Miami Masters
74%
Roland Garros
37%
US Open
37%
Wimbledon
37%
Toronto Masters
32%
Cincinnati Masters
16%
Romanian Open ATP 250
16%
Winston-Salem Open ATP 250
16%
Hamburg Open ATP 500
11%
Rio Open ATP 500
11%
Bavarian International ATP 500
5%
Europan Open ATP 250
5%
Dallas Open ATP 500
0%
Lyon Open ATP 250
0%
Mexican Open ATP 500
0%
Nie znaleziono quizów pasujących do podanych kryteriów
Rozkład punktacji
Procent ludzi z każdym wynikiem
Percentyl według liczby udzielonych odpowiedzi
Twoja historia wyników
Nie rozwiązałeś tego quizu